[Event "Biel"]
[Site "Biel"]
[Date "1992.??.??"]
[Round "6"]
[White "Shirov, Alexei"]
[Black "Karpov, Anatoly"]
[Result "0-1"]
[WhiteElo "2710"]
[BlackElo "2715"]
[Annotator "Ftacnik,Lubomir"]
[PlyCount "78"]
[EventDate "1992.07.??"]
[EventType "tourn"]
[EventRounds "14"]
[EventCountry "SUI"]
[EventCategory "16"]
[SourceTitle "CBM 031"]
[Source "ChessBase"]
[SourceDate "1992.12.01"]
[SourceVersion "1"]
[SourceVersionDate "1992.12.01"]
[SourceQuality "1"]

1. d4 {Dautov,Rustem} Nf6 2. c4 e6 3. Nc3 Bb4 4. f3 d5 5. a3 Bxc3+ 6. bxc3 c5 7. cxd5 Nxd5 8. Qd3 b6 ({RR} 8... cxd4 9. cxd4 Nc6 10. e4 Nb6 11. Be3 O-O 12. Be2 ({RR} 12. Nh3 f5 13. Be2 ({RR} 13. Rd1) 13... fxe4 14. fxe4 ({RR} 14. Qxe4 e5 15. dxe5 Bf5 16. Bg5 Bxe4 17. Bxd8 Raxd8 18. fxe4 Nxe5) 14... e5 15. dxe5 Qxd3 16. Bxd3 Nxe5) 12... Bd7 ({RR} 12... Qh4+ 13. g3 Qe7 14. f4 f5 15. Nf3 fxe4 ({RR} 15... Kh8 16. O-O Bd7) 16. Qxe4 Nd5 17. Bc4 Kh8 18. O-O Nf6 19. Qd3 Bd7 20. Rae1) ({RR} 12... f5 13. Rd1 Bd7 ({RR} 13... Kh8 14. Nh3 fxe4 15. Qxe4 Nd5 16. Ng5 Nf6 17. Qd3 Qa5+ 18. Rd2 Ne7 19. O-O Ned5 20. Rc2 Bd7 21. Bd2 Qb6) 14. Nh3 fxe4 15. fxe4 ({RR} 15. Qxe4 Nd5 16. Ng5 Rf5 17. Nxe6 Qe7 18. g4 Rf7 19. Qxd5 Bxe6 20. Qe4 Re8 21. d5 Bxd5 22. Rxd5 Qh4+ 23. Bf2 Qxf2+ 24. Kxf2 Rxe4 25. Rc1 Kf8) 15... e5 16. d5 Bxh3 17. dxc6 Qh4+ 18. g3 Qe7 19. Rg1 bxc6 20. Qd6 Qxd6 21. Rxd6 Bc8) 13. Nh3 Na5 14. Bg5 f6 15. Bd2 Nbc4 16. Bb4 Re8 17. Nf4 Rc8 18. O-O Bb5 19. Rac1 Nd6 20. Rxc8 Qxc8 21. Qd1 Bxe2 22. Qxe2 Qc7 23. d5) ({RR} 8... O-O 9. e4 Ne7 10. f4 ({RR} 10. Be3 Qa5 11. Qd2 Rd8 12. Bd3 Nbc6 13. Ne2 b6 14. Ra2 Ba6 15. Bxa6 Qxa6 16. O-O) ({RR} 10. dxc5 Qa5 11. Bf4 Nbc6 12. Bd6 e5 13. Qd2 Rd8 14. Bc4 b6 15. Rd1 Ba6 16. Bxa6 Qxa6 17. Qc1 bxc5 18. Ne2 Qa5) ({RR} 10. Nh3 Nbc6 11. dxc5 Qa5 12. Rb1 e5 13. Rb5 Qa6 14. Nf2 Rd8 15. Qb1 Qa4 16. Qb3 Qxb3 17. Rxb3 Na5 18. Rb5 Nec6) ({RR} 10. a4 Nbc6 ({RR} 10... Qa5 11. Bd2 Nbc6) ({RR} 10... cxd4 11. cxd4 b6) 11. Ba3 cxd4 12. cxd4 Qc7 ({RR} 12... f5) 13. Qc3 f5 14. Bd3 fxe4 15. Bxe4 Rd8 16. Ne2 Nd5 17. Qd3 Nf6 18. O-O) 10... b6 11. Qe3 Ba6 ({RR} 11... Bb7 12. Nf3 Qc8 13. Bd2 f5 14. Bd3 fxe4 15. Bxe4 Bxe4 16. Qxe4 Qc6 17. Qe2 Nd7) 12. Bxa6 Nxa6 13. Nf3 cxd4 14. cxd4 Nc7 15. a4 f5 16. Ba3 fxe4 17. Qxe4 Qd5 18. Qxd5 Ncxd5 19. g3 Rfc8) 9. e4 ({RR} 9. dxc5 bxc5 10. e4 Ba6 11. Qd2 Bxf1 12. Kxf1 Nb6 13. Qxd8+ Kxd8 14. Ne2 N8d7 15. a4 Rb8 16. Ng3 Nc4 17. Ke2 Ke7 18. a5 Rb3) 9... Ba6 10. Qd2 (10. c4 $5 {Karpov,An}) ({RR} 10. c4 Nf6 11. d5 ({RR} 11. e5 Nfd7 12. Qe4 cxd4 13. Qxa8 Nc5 14. Rb1 Qc7 15. f4 Bb7 16. Qxa7 Nbd7 17. Nf3 O-O 18. Nxd4 Ra8) 11... exd5 12. exd5 O-O 13. Bb2 Re8+ 14. Be2 Nbd7) 10... Bxf1 11. Kxf1 Ne7 12. Ne2 ({RR} 12. dxc5 Nd7) 12... Nbc6 ({RR} 12... O-O 13. a4 Nbc6 14. dxc5 Qc7 15. Qd6 Qb7 16. Kf2 Rad8 17. Qg3 Ng6 ({RR} 17... f5 18. exf5 ({RR} 18. Nf4 Qc8 19. Re1 e5 20. Nh5 g6 21. Bg5 Qe6) ({RR} 18. Bh6 Rf7) 18... Nxf5 19. Qf4 Nfd4 20. Qe4 Nb3 21. Qxe6+ Qf7 22. Qxf7+ Rxf7 23. Ra2 Nxc5) 18. Be3 f5 ({RR} 18... Nce5) 19. exf5 exf5 20. Rad1 bxc5 21. Bxc5 Rfe8 22. Rxd8 Rxd8 23. Qg5 Rd5 24. Bd4 Nxd4 25. cxd4 Qb6 26. Rc1) 13. dxc5 ({RR} 13. Kf2 O-O ({RR} 13... Qc7 14. Qf4 Qb7 ({RR} 14... e5 15. Qg3) 15. Be3) 14. Rd1 Qc7 15. Kg1 Rfd8 16. Qa2) 13... Qc7 ({RR} 13... Qc8 14. Qe3 O-O 15. cxb6 Rd8 16. Kf2 axb6 17. Rb1 Ne5 18. Qxb6 Qc4 19. Be3 Nd3+ 20. Kg3 f5 21. Bg5 Rd7 22. Bxe7 Rxe7 23. Qd6 Rf7 ({RR} 23... Ree8 24. Rb7) 24. exf5 exf5 25. h3 ({RR} 25. Nf4 g5 26. Rb8+ Rxb8 27. Qxb8+ Rf8) 25... Rf6 26. Rb8+ Rxb8 27. Qxb8+ Rf8 ({RR} 27... Kf7 28. Rb1) 28. Qd6) ({RR} 13... Qxd2 14. Bxd2 bxc5 15. Be3 c4 16. Rb1) 14. Qf4 (14. Qd6 Qxd6 ({RR} 14... Qxd6 15. cxd6 Nc8 16. Nd4 Nxd4 17. cxd4 Nxd6) 15. cxd6 Nc8 16. Nd4 Nxd4 17. cxd4 Nxd6 $10) ({RR} 14. Qd6 Qb7 15. Bg5 Rd8 16. Qg3 f6 17. Be3 Kf7) 14... e5 15. Qg4 O-O 16. Kf2 (16. Bh6 Ng6 17. Be3 Na5 $44) ({RR} 16. Bh6 Ng6 17. h4) 16... Na5 17. cxb6 ({RR} 17. Be3 Nc4 18. cxb6 axb6) 17... Qxb6+ $1 (17... axb6 18. Rd1 Rad8 19. Rxd8 Rxd8 20. Bg5 $1 $132) 18. Be3 Qc6 $1 19. Rhd1 $146 (19. Rhe1 $15) ({RR} 19. Rhe1 f5 20. exf5 Nxf5 21. Ng3 Nxe3 22. Rxe3 Nc4) ({RR} 19. Ng3 Nc4 ({RR} 19... Qxc3 20. Rhc1 Qb2+ 21. Kg1 Nb3 22. Rab1) 20. Rhe1 Nxe3 21. Rxe3 Qc5 22. Rae1) 19... Nc4 20. Bg5 (20. Rd3 Rad8 21. Rad1 Nxe3 22. Kxe3 Qb6+ 23. Kd2 Rxd3+ 24. Kxd3 Qb3 $19) (20. Qd7 Nxe3 21. Kxe3 Qc5+ $19) 20... f6 21. Bc1 Qb6+ $1 (21... Rad8 22. Rxd8 Rxd8 23. Rb1 $132) 22. Kg3 (22. Ke1 Rad8 23. Rxd8 Rxd8 24. Bh6 Ng6 25. Rd1 Rxd1+ 26. Kxd1 Qb3+ 27. Ke1 gxh6 28. Qe6+ Kg7 29. Qd7+ Kf8 $19) 22... f5 $1 23. exf5 Nxf5+ 24. Kh3 Nce3 25. Bxe3 Nxe3 26. Qe4 Qe6+ (26... Nf5 27. g3 (27. g4 Qh6+ 28. Kg2 Nh4+ 29. Kh1 Nxf3 $19) 27... Qh6+ 28. Kg2 Ne3+ 29. Kg1 Nxd1 30. Rxd1 $15) 27. Kg3 Nxd1 28. Rxd1 Rad8 29. Re1 (29. Rxd8 Rxd8 $19) 29... Qf5 30. Qxf5 Rxf5 31. Kf2 Rd2 32. Rb1 Ra2 33. Rb5 (33. Rb3 e4 $19) 33... Rxa3 34. c4 Rf6 $1 35. Rxe5 (35. Ng3 Rb6 36. Rxe5 Rb2+ $19) 35... Rc6 36. c5 Ra5 37. Re7 Rcxc5 38. Nf4 Re5 39. Rc7 Ra4 {Ftacnik,L} 0-1

[Event "Trans Europa Schach Express"]
[Site "Potsdam"]
[Date "2012.10.13"]
[Round "1.1"]
[White "Short, Nigel D"]
[Black "Karpov, Anatoly"]
[Result "1/2-1/2"]
[WhiteElo "2707"]
[BlackElo "2616"]
[PlyCount "72"]
[EventDate "2012.10.13"]
[EventType "team-tourn"]
[EventRounds "9"]
[EventCountry "GER"]
[SourceTitle "CBM 150 Extra"]
[Source "ChessBase"]
[SourceDate "2012.10.19"]
[SourceVersion "1"]
[SourceVersionDate "2012.10.19"]
[SourceQuality "1"]
[WhiteTeam "Great Britain"]
[BlackTeam "Russia"]
[WhiteTeamCountry "GBR"]
[BlackTeamCountry "RUS"]

1. d4 Nf6 2. c4 e6 3. Nc3 Bb4 4. Qc2 O-O 5. e4 d6 6. e5 dxe5 7. dxe5 Ng4 8. Nf3 Nc6 9. a3 Bxc3+ 10. Qxc3 f6 11. exf6 Qxf6 12. Qxf6 Nxf6 $146 ({RR} 12... gxf6 13. h3 Nge5 14. Nxe5 Nxe5 15. f4 Nf7 16. Be2 b6 17. O-O Bb7 18. Rd1 Rad8 19. Be3 Rxd1+ 20. Rxd1 Rd8 21. Rxd8+ Nxd8 22. g4 Be4 23. Bd4 Kf7 24. Kf2 h6 25. Bc3 c5 26. h4 Nc6 27. Ke3 {Monell Camarasa,D (2240)-Ramon Solans,A (2280) Vallfogona de Balaguer 2012 ½-½ (41)}) 13. b4 e5 14. Bb2 Bg4 15. Be2 Rae8 16. h3 Bxf3 17. Bxf3 Nd4 18. Bxb7 Nc2+ 19. Ke2 Nxa1 20. Rxa1 Re6 21. g4 c6 22. Bc1 Rb8 23. Ba6 c5 24. b5 Ne8 25. Be3 Nc7 26. Bxc5 Nxa6 27. bxa6 Rxa6 28. Rc1 Rc8 29. Bb4 Ra4 30. Kd3 a5 31. Bd6 Kf7 32. Bxe5 Rxa3+ 33. Bc3 Ra2 34. Bd4 Ra3+ 35. Bc3 Ra2 36. Bd4 Ra3+ 1/2-1/2

[Event "(GER-ch) International05+"]
[Site "Munich"]
[Date "1979.02.25"]
[Round "1"]
[White "Sigurjonsson, Gudmundur"]
[Black "Karpov, Anatoly"]
[Result "1/2-1/2"]
[WhiteElo "2490"]
[BlackElo "2705"]
[PlyCount "60"]
[EventDate "1979.02.25"]
[EventType "tourn"]
[EventRounds "5"]
[EventCountry "GER"]
[EventCategory "10"]
[SourceTitle "MCD"]
[Source "ChessBase"]
[SourceDate "1999.07.01"]
[SourceVersion "1"]
[SourceVersionDate "1999.07.01"]
[SourceQuality "1"]

1. d4 Nf6 2. c4 e6 3. Nc3 Bb4 4. Qc2 O-O 5. a3 Bxc3+ 6. Qxc3 d6 7. Bg5 Nbd7 8. e3 b6 9. Bd3 Bb7 10. f3 c5 11. Ne2 Rc8 12. O-O h6 13. Bh4 d5 14. cxd5 Nxd5 ({RR} 14... cxd4 15. Qxd4 e5 16. Bxf6 Qxf6 17. Qg4 Nc5 18. Bc4 b5 19. Bxb5 Qb6 20. Bc4 Na4 21. Ng3 Nxb2 22. Nf5 Qf6 23. Ba2 Ba6 24. Rfc1 Nd3 25. Rd1 g6 26. Ng3 Qb6 27. Nf1 Rc2 28. Bb1 Rc4 29. Qh3 {Aakash,G (1935)-Shahil,D (2368) Chennai IND 2024 ½-½ (32)}) 15. Qe1 N5f6 16. Rd1 a6 $146 ({RR} 16... Qe7 17. Qf2 cxd4 18. Nxd4 Ne5 19. Bb1 Nc6 20. Ne2 Rcd8 21. Nc3 Rxd1 22. Rxd1 Rd8 23. Rxd8+ Qxd8 24. Qc2 g5 25. Bf2 Ne7 26. h3 Qd7 27. Qe2 Kg7 28. Be1 Ng6 29. Bg3 Nh5 30. Be1 Nf6 31. Bc2 {Forintos,G-Liebert,H Debrecen 1969 ½-½ (57)}) ({RR} 16... Qe7 17. Qf2 cxd4 18. Nxd4 Ne5 19. Bb1 Rfd8 20. Qe2 Bd5 21. Rfe1 Bc4 22. Qf2 Ba6 23. h3 Nc6 24. e4 Nxd4 25. Rxd4 Rxd4 26. Qxd4 e5 27. Qa4 Qc5+ 28. Bf2 Qb5 29. Qxb5 Bxb5 30. Be3 Nh5 31. Rc1 {Nielsen,P (2652)-Rozentalis,E (2619) Copenhagen 2004 ½-½ (41)}) 17. Bb1 Qe7 18. e4 cxd4 19. Nxd4 Ne5 20. f4 Ng6 21. Bxf6 Qxf6 22. e5 Qe7 23. Qg3 Nh4 24. f5 exf5 25. Nxf5 Nxf5 26. Bxf5 Rce8 27. Rd6 Qxe5 28. Qxe5 Rxe5 29. Rxb6 Be4 30. Bxe4 Rxe4 1/2-1/2

[Event "Groningen"]
[Site "Groningen"]
[Date "1995.??.??"]
[Round "1"]
[White "Sokolov, Ivan"]
[Black "Karpov, Anatoly"]
[Result "1/2-1/2"]
[WhiteElo "2630"]
[BlackElo "2775"]
[PlyCount "141"]
[EventDate "1995.12.??"]
[EventType "tourn"]
[EventRounds "11"]
[EventCountry "NED"]
[EventCategory "17"]
[SourceTitle "CBM 051"]
[Source "ChessBase"]
[SourceDate "1996.04.01"]
[SourceVersion "1"]
[SourceVersionDate "1996.04.01"]
[SourceQuality "1"]

1. d4 Nf6 2. c4 e6 3. Nf3 b6 4. Nc3 Bb4 5. Qb3 Qe7 6. a3 Bxc3+ 7. Qxc3 Bb7 8. e3 O-O 9. Be2 c5 10. O-O Rc8 11. dxc5 Qxc5 12. b4 Qe7 13. Bb2 d5 14. Qd4 $146 ({RR} 14. Qb3 dxc4 15. Bxc4 Nbd7 16. Rac1 Ne4 17. Rfd1 Ndf6 18. Ne5 a5 19. bxa5 bxa5 20. a4 Nc5 21. Qa3 Nd5 22. Bxd5 Bxd5 23. Rxd5 exd5 24. Nd3 Nxd3 25. Rxc8+ Rxc8 26. Qxe7 Nxb2 27. h4 Nd3 28. Qd7 Rc1+ {Schenk,A (2443)-Bokros,A (2429) Budapest 2001 1-0 (33)}) 14... dxc4 15. Bxc4 a5 16. Ne5 Nc6 17. Nxc6 Rxc6 18. bxa5 e5 19. Qh4 Rxa5 20. a4 Ba6 21. Bxa6 Rxa6 22. Rfc1 Re6 23. Rc8+ Ne8 24. Qc4 Ra7 25. Rd1 Rd7 26. Rxd7 Qxd7 27. h3 h6 28. Ra8 Qb7 29. Rd8 Qe7 30. Qd3 Qb4 31. Qb5 Qxb5 32. axb5 Kh7 33. Rb8 Nc7 34. Rb7 Nxb5 35. Rxf7 Nd6 36. Rc7 Ne8 37. Rb7 h5 38. Ba3 Kg6 39. Be7 Rc6 40. Bd8 Nd6 41. Rxb6 Rxb6 42. Bxb6 e4 43. Bc7 Nf7 44. Kh2 Ng5 45. Kg3 Ne6 46. Bd6 Kg5 47. Be7+ Kf5 48. Kh4 g6 49. Bd6 Nd8 50. f4 exf3 51. gxf3 Nf7 52. Bc7 Ke6 53. e4 Kd7 54. Ba5 Ke6 55. Bc3 Kd7 56. Bb4 Ke6 57. f4 Kf6 58. Kg3 Ke6 59. Kf3 Nd8 60. Ke3 Nc6 61. Bc3 Nd8 62. Kd4 Nf7 63. Bb4 Nd8 64. Bf8 Nf7 65. h4 Nd8 66. Kc5 Kf7 67. Bh6 Ke6 68. Bg5 Nb7+ 69. Kc6 Nd6 70. e5 Nf5 71. Kc7 1/2-1/2

[Event "Linares 09th"]
[Site "Linares"]
[Date "1991.??.??"]
[Round "9"]
[White "Speelman, Jonathan S"]
[Black "Karpov, Anatoly"]
[Result "1-0"]
[WhiteElo "2610"]
[BlackElo "2725"]
[Annotator "Ftacnik,Lubomir"]
[PlyCount "103"]
[EventDate "1991.02.??"]
[EventType "tourn"]
[EventRounds "13"]
[EventCountry "ESP"]
[EventCategory "17"]
[SourceTitle "CBM 022"]
[Source "ChessBase"]
[SourceDate "1991.06.01"]
[SourceVersion "1"]
[SourceVersionDate "1991.06.01"]
[SourceQuality "1"]

1. d4 {Stockfish 16.1} Nf6 2. c4 e6 3. Nc3 Bb4 4. e3 O-O 5. Bd3 d5 6. a3 Bxc3+ 7. bxc3 dxc4 8. Bxc4 c5 9. Ne2 Nc6 10. O-O e5 11. Rb1 {N; 11.b2; 11.c2; 11.a4} ({RR} 11. Qc2 Qc7 12. Ba2 Rd8 13. Bb2 Bg4 14. Ng3 Rac8 15. Rac1 Qe7 16. h3 Be6 17. Nf5 Qd7 18. Bxe6 fxe6 19. dxe5 Nxe5 20. c4 Nd3 ({RR} 20... exf5 21. Bxe5 Qe6 22. Bxf6 Qxf6) 21. Nh6+ gxh6 22. Bxf6 Nxc1 23. Bxd8 Rxd8 24. Qxc1 b6 25. Qb2 Qg7 {Sarana,A (2729)-Keymer,V (2794) Chess.com 2024 [Stockfish 16.1] 0-1 (73)}) ({RR} 11. h3 Qc7 12. Bd3 Re8 13. Ng3 e4 14. Bc2 b6 15. Bb2 Ba6 16. Re1 Rad8 17. Rc1 Na5 18. Nh5 Nxh5 19. Qxh5 Bd3 20. Ba4 b5 21. Bd1 Nc4 22. Ba1 Nxa3 23. dxc5 Nc4 24. Bb3 Re5 25. Qg4 Rxc5 {Kocharin,T (2324)-Tekeyev,Z (2417) chess.com INT 2025 0-1 (37)}) 11... Qc7 $146 ({RR} 11... Bf5 12. Rb5 a6 13. Rxc5 Nd7 14. Ng3 Bg6 15. Rd5 Ne7 16. f4 exf4 17. exf4 Rc8 18. Ba2 Nxd5 19. Bxd5 Bb1 20. Bb2 Nf6 21. Bf3 Ba2 22. Qd2 Bd5 23. Nf5 Re8 24. Qf2 Qd7 25. Ne3 Bxf3 26. gxf3 {Luukkonen,T (2323)-Huebner,R (2581) Finland 2012 0-1}) 12. Ba2 Rd8 13. Qc2 b6 14. Ng3 exd4 $6 (14... Be6 $5 15. Bxe6 fxe6 $10) 15. cxd4 cxd4 16. exd4 Be6 (16... Rxd4 17. Bb2 Rd6 18. Be5 $1) 17. Bxe6 fxe6 18. Bg5 $1 (18. Be3 Rac8 $10) 18... Rac8 (18... Rxd4 19. Rbc1 Rc8 20. Bxf6 gxf6) 19. Bxf6 gxf6 20. Rbc1 Rxd4 (20... Qd7 $2 21. Ne4 Qxd4 22. Rfd1 Qe5 23. Rxd8+ Rxd8 24. Qxc6 $18) 21. Rfe1 Qf7 (21... Qd7 22. Ne4 Kf7 23. Re3 $16) 22. Qc3 Rdd8 (22... Rd5 23. Ne4 $40) 23. Ne4 e5 (23... Ne5 24. Qxc8 Rxc8 25. Rxc8+ Kg7 26. Rec1 $16) 24. Qg3+ Kh8 25. Qh4 $1 Nd4 (25... Rf8 26. Nd6) (25... f5 26. Rxc6 $1) 26. Rxc8 Rxc8 27. Nxf6 Qg6 28. Ng4 $1 Ne2+ (28... Nf5 29. Qh3 $18) 29. Kh1 Nf4 30. h3 Re8 (30... h5 31. Rxe5 Rc1+ 32. Kh2 Qb1 33. Qf6+ $18) 31. Rd1 Qg7 (31... h5 32. Rd7 Qc6 33. Qf6+ Qxf6 34. Nxf6 $18) 32. Rd8 Rg8 33. Rxg8+ Qxg8 (33... Kxg8 34. Nh6+ Kf8 35. Qd8#) 34. Qf6+ Qg7 35. Qd8+ Qg8 36. Qe7 Ng6 37. Qxa7 Qe6 38. Qb8+ Kg7 39. Qc7+ Kh8 40. Nh6 Qf6 (40... Nf4 41. Qxe5+ Qxe5 42. Nf7+ Kg7 43. Nxe5 $18) 41. Qc8+ Kg7 42. Nf5+ Kf7 43. Qd7+ Kf8 44. g3 $1 h5 45. h4 Kg8 46. Kg2 Nf8 47. Qd5+ Kh7 48. Qb7+ Kg8 49. Ne7+ Kh8 50. Nd5 Qd6 51. Qf7 Ng6 52. Nf6 {Ftacnik,L} 1-0

[Event "World Cup"]
[Site "Reykjavik"]
[Date "1991.??.??"]
[Round "13"]
[White "Timman, Jan H"]
[Black "Karpov, Anatoly"]
[Result "1/2-1/2"]
[WhiteElo "2630"]
[BlackElo "2730"]
[PlyCount "44"]
[EventDate "1991.09.??"]
[EventType "tourn"]
[EventRounds "15"]
[EventCountry "ISL"]
[EventCategory "16"]
[SourceTitle "CBM 026"]
[Source "ChessBase"]
[SourceDate "1992.02.01"]
[SourceVersion "1"]
[SourceVersionDate "1992.02.01"]
[SourceQuality "1"]

1. d4 Nf6 2. c4 e6 3. Nc3 Bb4 4. f3 d5 5. a3 Bxc3+ 6. bxc3 c5 7. cxd5 Nxd5 8. dxc5 f5 9. Qc2 O-O 10. e4 fxe4 11. fxe4 Nf4 12. Nf3 Qc7 13. Be3 Nd7 14. Bc4 Nxc5 15. O-O Bd7 16. Rae1 b6 17. Bd4 Ba4 18. Qd2 $146 ({RR} 18. Qb1 Kh8 19. Be5 Qe7 20. Nd4 Ng6 21. Bg3 Rxf1+ 22. Rxf1 Re8 23. Qb4 Bd7 24. Re1 Ra8 25. Bb5 Bxb5 26. Qxb5 Rc8 27. a4 Qb7 28. Re3 a6 29. Qc4 Nxe4 30. Qxe6 Nxg3 31. hxg3 Nf8 32. Qe5 Ng6 {Zentai,P (2303)-Frander,L (2235) Hungary 2010 ½-½ (40)}) 18... Nb3 19. Bxb3 Bxb3 20. Ne5 Ng6 21. Qg5 Qe7 22. Qg3 Nxe5 1/2-1/2